| 000 | 00579nam a22002177a 4500 | ||
|---|---|---|---|
| 001 | 2823 | ||
| 003 | BD-DhBUF | ||
| 005 | 20251124153031.0 | ||
| 008 | 251124b bg ||||| |||| 00| 0 ben d | ||
| 020 | _a9789849957638 | ||
| 040 |
_aBD-DhBUF _cBD-DhBUF |
||
| 100 |
_aMohiuddin, ABU Mohammad _94198 |
||
| 245 |
_aLeadership impact on workplace energy / _cABU Mohammad Mohiuddin, |
||
| 260 |
_aDhaka : _bKobi, _c2025. |
||
| 300 |
_a131p. : _c22cm. ; |
||
| 526 | _aEnglish | ||
| 650 |
_aLeadership _92194 |
||
| 650 |
_aWorkplace _94199 |
||
| 650 |
_aEnergy _94200 |
||
| 942 |
_2ddc _cBK |
||
| 999 |
_c2823 _d2823 |
||